[Event "Chennai AICF (Women)"]
[Site "Chennai"]
[Date "2024.03.22"]
[Round "7"]
[White "Maisuradze, Nino"]
[Black "Chitlange, Sakshi"]
[Result "1-0"]
[WhiteElo "2254"]
[BlackElo "2175"]
[PlyCount "111"]
[EventDate "2024.03.18"]
[EventType "tourn"]
[EventRounds "11"]
[EventCountry "IND"]
[SourceTitle "CB13_2024"]
[SourceDate "2024.03.27"]
[SourceVersion "1"]
[SourceVersionDate "2024.03.27"]
[SourceQuality "1"]

1. d4 Nf6 2. c4 e6 3. Nf3 d5 4. Qc2 Be7 5. cxd5 exd5 6. Bg5 c6 7. Nc3 g6 8. e3 Bf5 9. Bd3 Bxd3 10. Qxd3 Nbd7 11. 0-0 0-0 12. Rab1 a5 13. a3 Re8 14. Nd2 Nh5 15. Bxe7 Qxe7 16. b4 axb4 17. axb4 Nhf6 18. b5 Qd6 19. h3 Ra3 20. Rfc1 Rea8 21. Nb3 Ne8 22. Qc2 Nc7 23. bxc6 bxc6 24. Ne2 R3a6 25. Nc5 Nxc5 26. Qxc5 Qxc5 27. Rxc5 Ra1 28. Rxa1 Rxa1+ 29. Nc1 Ra6 30. Nd3 Ne6 31. Rc1 Nd8 32. g4 f6 33. h4 Kf7 34. g5 fxg5 35. hxg5 Ke7 36. Ne5 Kd6 37. Kg2 Ne6 38. f4 Nf8 39. Kf3 Ne6 40. Rc2 Nf8 41. Kg4 Ne6 42. Kf3 Nf8 43. Rb2 Kc7 44. Kg4 Ra3 45. Rc2 Ra6 46. f5 gxf5+ 47. Kxf5 Kd6 48. Kf6 Nd7+ 49. Nxd7 Kxd7 50. Rh2 Kd6 51. Rxh7 c5 52. g6 cxd4 53. g7 Ra1 54. Rh5 Ra8 55. exd4 Kc6 56. Rh8 1-0

[Event "Chennai AICF (Women)"]
[Site "Chennai"]
[Date "2024.03.18"]
[Round "1"]
[White "Maisuradze, Nino"]
[Black "Monnisha, GK."]
[Result "0-1"]
[WhiteElo "2254"]
[BlackElo "2202"]
[PlyCount "66"]
[EventDate "2024.03.18"]
[EventType "tourn"]
[EventRounds "11"]
[EventCountry "IND"]
[SourceTitle "CB13_2024"]
[SourceDate "2024.03.27"]
[SourceVersion "1"]
[SourceVersionDate "2024.03.27"]
[SourceQuality "1"]

1. d4 Nf6 2. Nf3 e6 3. c4 d5 4. Bg5 h6 5. Bh4 dxc4 6. e3 b5 7. a4 Bb4+ 8. Nbd2 c6 9. Qc2 Bb7 10. Be2 Nbd7 11. 0-0 Qb6 12. Rfd1 0-0 13. e4 Bxd2 14. Rxd2 c5 15. dxc5 Nxc5 16. Bxf6 gxf6 17. axb5 Nb3 18. Ra3 Nxd2 19. Nxd2 Qd4 20. Rg3+ Kh7 21. e5+ f5 22. Nxc4 Rac8 23. b3 Rg8 24. Qc3 Qxc3 25. Rxc3 Rxg2+ 26. Kf1 Rxh2 27. f3 Bd5 28. Re3 f4 29. Rc3 Kg7 30. Rc2 Bxf3 31. Ra2 Bxe2+ 32. Rxe2 Rxe2 33. Kxe2 Rc5 0-1

[Event "Titled Tuesday intern op 16th Jan Early"]
[Site "Chess.com INT"]
[Date "2024.01.16"]
[Round "2"]
[White "Avramidou, Anastasia"]
[Black "Maisuradze, Nino"]
[Result "0-1"]
[WhiteElo "2287"]
[BlackElo "2246"]
[PlyCount "82"]
[EventDate "2024.01.16"]
[EventType "swiss (blitz)"]
[EventRounds "11"]
[EventCountry "USA"]
[SourceTitle "CB04_2024"]
[SourceDate "2023.10.16"]
[SourceVersion "1"]
[SourceVersionDate "2023.10.16"]
[SourceQuality "1"]

1. Nf3 d5 2. d4 Nf6 3. c4 e6 4. Nc3 Be7 5. cxd5 exd5 6. Bg5 0-0 7. e3 c6 8. Bd3 Bg4 9. h3 Bh5 10. Qc2 Bg6 11. Ne5 Bxd3 12. Qxd3 Nbd7 13. Bxf6 Bxf6 14. Ng4 Be7 15. 0-0-0 Bd6 16. f4 f6 17. Rde1 b5 18. Kb1 b4 19. Ne2 Nb6 20. Nc1 a5 21. g3 a4 22. e4 dxe4 23. Qxe4 a3 24. b3 Nd5 25. Ka1 Qb6 26. Qd3 Rad8 27. Qc4 Kh8 28. Re6 Nc7 29. Re2 Nb5 30. Rd2 Rfe8 31. d5 cxd5 32. Rxd5 Nc3 33. Rd3 Rc8 34. Qd4 Bc5 35. Qd7 Rcd8 36. Qf7 Bd4 37. Qh5 Qc6 38. Rf1 Nxa2+ 39. Kb1 Nc3+ 40. Ka1 Ne4+ 41. Kb1 Rc8 0-1

[Event "Titled Tuesday intern op 16th Jan Early"]
[Site "Chess.com INT"]
[Date "2024.01.16"]
[Round "5"]
[White "Maisuradze, Nino"]
[Black "Kleiman, Jake"]
[Result "0-1"]
[WhiteElo "2246"]
[BlackElo "2399"]
[PlyCount "118"]
[EventDate "2024.01.16"]
[EventType "swiss (blitz)"]
[EventRounds "11"]
[EventCountry "USA"]
[SourceTitle "CB04_2024"]
[SourceDate "2023.10.16"]
[SourceVersion "1"]
[SourceVersionDate "2023.10.16"]
[SourceQuality "1"]

1. d4 Nf6 2. c4 e6 3. Nf3 Bb4+ 4. Bd2 Bxd2+ 5. Nbxd2 0-0 6. e3 d6 7. Bd3 Qe7 8. 0-0 e5 9. Bc2 c5 10. dxe5 dxe5 11. Ne4 Rd8 12. Nxf6+ Qxf6 13. Qe2 Bf5 14. Bxf5 Qxf5 15. Rfd1 Nc6 16. Rd5 Rxd5 17. cxd5 Ne7 18. e4 Qf6 19. Qb5 b6 20. Rd1 Rd8 21. a4 Nc8 22. Nd2 Nd6 23. Qe2 Qg6 24. f3 Qg5 25. Nc4 g6 26. Nxd6 Rxd6 27. g3 h5 28. Kf2 h4 29. Qe3 Qe7 30. g4 Kg7 31. h3 Qd8 32. Rg1 g5 33. Rc1 Kg6 34. Qd2 Qd7 35. b3 Qb7 36. b4 Qa6 37. bxc5 bxc5 38. a5 Qb5 39. Qc3 Rf6 40. Qxc5 Qd3 41. Qe3 Qb5 42. Qc3 Qa4 43. Rc2 Qxe4 44. Rd2 Qf4 45. d6 Qg3+ 46. Ke2 Qg2+ 47. Kd1 Qf1+ 48. Kc2 Rxf3 49. Rd3 Rf2+ 50. Kb3 Qb1+ 51. Kc4 Rf4+ 52. Kc5 a6 53. Kc6 Qb5+ 54. Kc7 Rc4+ 55. Qxc4 Qxc4+ 56. Kd8 Qxd3 57. d7 Kf6 58. Ke8 Qxd7+ 59. Kxd7 e4 0-1

[Event "Titled Tuesday intern op 16th Jan Early"]
[Site "Chess.com INT"]
[Date "2024.01.16"]
[Round "1"]
[White "Maisuradze, Nino"]
[Black "Poltorak, Sebastian"]
[Result "0-1"]
[WhiteElo "2246"]
[BlackElo "2372"]
[PlyCount "60"]
[EventDate "2024.01.16"]
[EventType "swiss (blitz)"]
[EventRounds "11"]
[EventCountry "USA"]
[SourceTitle "CB04_2024"]
[SourceDate "2023.10.16"]
[SourceVersion "1"]
[SourceVersionDate "2023.10.16"]
[SourceQuality "1"]

1. d4 Nf6 2. Nf3 g6 3. e3 Bg7 4. Bd3 0-0 5. 0-0 d5 6. Nbd2 Nbd7 7. Ne5 Nxe5 8. dxe5 Nd7 9. f4 f6 10. exf6 exf6 11. e4 Nc5 12. Qf3 Nxd3 13. cxd3 Be6 14. f5 Bf7 15. fxg6 hxg6 16. Kh1 Qd7 17. Nb3 dxe4 18. dxe4 Rad8 19. Bf4 c6 20. Rfd1 Qe7 21. Nd4 Rfe8 22. Nb3 Rxd1+ 23. Rxd1 Qxe4 24. Qf2 Qe2 25. Qxe2 Rxe2 26. h3 Bd5 27. Nc5 Bxg2+ 28. Kg1 Bd5 29. Nxb7 Rxb2 30. Re1 Rxb7 0-1

[Event "Gaborone Masaiti (Women)"]
[Site "Gaborone"]
[Date "2023.12.22"]
[Round "6"]
[White "Kubicka, Anna"]
[Black "Maisuradze, Nino"]
[Result "1-0"]
[WhiteElo "2284"]
[BlackElo "2250"]
[PlyCount "125"]
[EventDate "2023.12.18"]
[EventType "tourn"]
[EventRounds "9"]
[EventCountry "BOT"]
[SourceTitle "CB52_2023"]
[SourceDate "2023.12.27"]
[SourceVersion "1"]
[SourceVersionDate "2023.12.27"]
[SourceQuality "1"]

1. e4 c5 2. Nf3 Nc6 3. Bb5 g6 4. Bxc6 bxc6 5. 0-0 Bg7 6. Re1 Nh6 7. c3 0-0 8. d4 cxd4 9. cxd4 f5 10. e5 Nf7 11. Nc3 e6 12. h4 h6 13. Ne2 c5 14. Nf4 g5 15. Ng6 g4 16. Nh2 cxd4 17. Nxf8 Kxf8 18. Qxd4 d6 19. Qb4 a5 20. Qa3 Qxh4 21. Bf4 Kg8 22. Bg3 Qd8 23. Rad1 d5 24. Bf4 Bf8 25. Qe3 Rb8 26. Re2 Rb4 27. a3 Rc4 28. b3 Rc6 29. a4 Ba6 30. Ree1 Bc5 31. Qg3 d4 32. Nf3 d3 33. Nd2 Bd4 34. Nc4 Bxc4 35. bxc4 Rxc4 36. Rxd3 Qc7 37. Red1 Bxe5 38. Rd7 Qxd7 39. Rxd7 Bxf4 40. Qb3 Rb4 41. Qc2 Bd6 42. g3 Rb8 43. Qc3 Be5 44. Qxa5 Ng5 45. Rd8+ Rxd8 46. Qxd8+ Kf7 47. a5 Bd4 48. Qd7+ Kg6 49. Kg2 e5 50. a6 Nf3 51. a7 Bxa7 52. Qxa7 h5 53. Qe7 f4 54. Qe8+ Kg5 55. Qg8+ Kf5 56. Qh8 Kg6 57. Kf1 Nd2+ 58. Ke2 Nf3 59. Kd3 fxg3 60. fxg3 Kg5 61. Ke4 Kg6 62. Qg8+ Kf6 63. Qf8+ 1-0

[Event "Figueira da Foz op 17th"]
[Site "Figueira da Foz"]
[Date "2023.11.06"]
[Round "2"]
[White "Solodovnichenko, Yuri"]
[Black "Maisuradze, Nino"]
[Result "1-0"]
[WhiteElo "2490"]
[BlackElo "2253"]
[PlyCount "121"]
[EventDate "2023.11.05"]
[EventType "swiss"]
[EventRounds "9"]
[EventCountry "POR"]
[SourceTitle "CB46_2023"]
[SourceDate "2023.11.15"]
[SourceVersion "1"]
[SourceVersionDate "2023.11.15"]
[SourceQuality "1"]

1. e4 c5 2. Nc3 Nc6 3. Nge2 e5 4. Ng3 d6 5. Bc4 Nge7 6. d3 g6 7. h4 h6 8. h5 g5 9. Nf1 f5 10. exf5 Nxf5 11. Ne3 Bg7 12. Ncd5 Rf8 13. c3 Bd7 14. a4 Nce7 15. Qb3 Bc6 16. a5 Qd7 17. f3 Nxd5 18. Bxd5 Bxd5 19. Qxd5 Qf7 20. Qe4 Ng3 21. Qa4+ Qd7 22. Rh3 Qxa4 23. Rxa4 Nf5 24. Nxf5 Rxf5 25. Be3 Rf7 26. Ke2 Rc8 27. c4 Bf6 28. b4 cxb4 29. Bxa7 b5 30. axb6 b3 31. Rb4 Rb7 32. Rh1 Kd7 33. Rxb3 Kc6 34. Rb5 Rf8 35. Rhb1 Be7 36. g3 Rf7 37. Ke3 Rf8 38. Rd5 Re8 39. Ke4 Bf8 40. Rc1 Be7 41. c5 dxc5 42. Rxe5 Rd8 43. Re6+ Rd6 44. Kf5 Kb5 45. Rce1 Rdd7 46. R1e3 Bf8 47. Kg4 Kb4 48. Rf6 Bg7 49. Rc6 Bd4 50. Re8 Kc3 51. Rb8 Rxa7 52. bxa7 Rxa7 53. Rxh6 Kxd3 54. Rd6 Ke3 55. h6 Rf7 56. Rb3+ Kf2 57. Kxg5 c4 58. Ra3 Be3+ 59. f4 Bc5 60. Rd2+ Ke1 61. Raa2 1-0

[Event "FRA-ch (Women)"]
[Site "L'Alpe d'Huez"]
[Date "2023.08.19"]
[Round "1.2"]
[White "Maisuradze, Nino"]
[Black "Fischer, Julie"]
[Result "1-0"]
[WhiteElo "2253"]
[BlackElo "2157"]
[PlyCount "127"]
[EventDate "2023.08.18"]
[EventType "k.o."]
[EventRounds "4"]
[EventCountry "FRA"]
[SourceTitle "EXT 2024"]
[Source "ChessBase"]
[SourceDate "2023.10.10"]
[SourceVersion "1"]
[SourceVersionDate "2023.10.10"]
[SourceQuality "1"]

1. d4 Nf6 2. c4 g6 3. Nc3 Bg7 4. e4 d6 5. Be2 0-0 6. h4 c5 7. d5 e6 8. h5 exd5 9. exd5 Re8 10. h6 Bh8 11. Bg5 a6 12. a4 Qa5 13. Kf1 Nbd7 14. Nf3 Qc7 15. Rh4 Nf8 16. Nd2 N6d7 17. Ra3 f6 18. Be3 f5 19. Nf3 Ne5 20. Nxe5 Bxe5 21. Bg5 Nd7 22. Bd3 Bf6 23. Bxf6 Nxf6 24. Ne2 Qe7 25. g3 Ng4 26. Bc2 Bd7 27. a5 Rab8 28. Rb3 b5 29. axb6 Ba4 30. Rc3 Bxc2 31. Rxc2 Rxb6 32. Nf4 g5 33. Rxg4 fxg4 34. Re2 Qf7 35. Rxe8+ Qxe8 36. Qxg4 Qe7 37. Ne6 Rb8 38. Nxg5 Kh8 39. Ne6 Qf6 40. Qh5 Qxb2 41. Qf7 Qc1+ 42. Kg2 Qxh6 43. Qa7 Re8 44. Qxa6 Rxe6 45. Qc8+ Re8 46. Qxe8+ Kg7 47. Qe7+ Kg8 48. Qe6+ Kg7 49. Qxh6+ Kxh6 50. f4 Kg6 51. g4 Kf6 52. Kg3 Kg6 53. Kh4 Kf6 54. Kh5 Kg7 55. f5 h6 56. f6+ Kxf6 57. Kxh6 Ke5 58. g5 Kd4 59. g6 Kxc4 60. g7 Kxd5 61. g8Q+ Kd4 62. Qg4+ Ke5 63. Kg5 d5 64. Qf4+ 1-0

[Event "FRA-chT Top 12 (Women) GpA"]
[Site "Mulhouse"]
[Date "2023.05.21"]
[Round "5.3"]
[White "Choisy, Mathilde"]
[Black "Maisuradze, Nino"]
[Result "0-1"]
[WhiteElo "2109"]
[BlackElo "2275"]
[PlyCount "86"]
[EventDate "2023.05.18"]
[EventType "team-tourn"]
[EventRounds "5"]
[EventCountry "FRA"]
[SourceTitle "CBM 214 Extra"]
[Source "ChessBase"]
[SourceDate "2023.07.31"]
[SourceVersion "1"]
[SourceVersionDate "2023.07.31"]
[SourceQuality "1"]
[WhiteTeam "Cannes (W)"]
[BlackTeam "Bischwiller (W)"]
[WhiteTeamCountry "FRA"]
[BlackTeamCountry "FRA"]

1. e4 c5 2. Nf3 Nc6 3. d4 cxd4 4. Nxd4 e5 5. Nb5 d6 6. N1c3 a6 7. Na3 b5 8. Nd5 Nge7 9. Bd3 Nxd5 10. exd5 Ne7 11. c4 g6 12. 0-0 Bg7 13. cxb5 0-0 14. Re1 f5 15. bxa6 f4 16. Nb5 Bxa6 17. a4 Nf5 18. Ra3 Rf7 19. Bf1 Qb6 20. Rc3 Bxb5 21. Bxb5 Nd4 22. b4 Nxb5 23. Rc6 Qd4 24. axb5 Qxb4 25. b6 Rb7 26. Bd2 Qb5 27. Rxd6 Rxb6 28. Rxb6 Qxb6 29. Bc3 Qd6 30. Qb3 Rd8 31. Rd1 Kf7 32. h3 Bf6 33. Qc4 Kg7 34. Bb4 Qd7 35. Kh2 Rc8 36. Qd3 Qf5 37. Qa6 Rd8 38. d6 e4 39. Qc4 f3 40. g3 e3 41. fxe3 Rc8 42. Qd3 Rc2+ 43. Bd2 Qxd3 0-1

[Event "Sunway Formentera op 2nd"]
[Site "Sant Ferran de ses Roques"]
[Date "2023.04.26"]
[Round "8"]
[White "Maisuradze, Nino"]
[Black "Fernandez Guillen, Ernesto J"]
[Result "1/2-1/2"]
[WhiteElo "2270"]
[BlackElo "2461"]
[PlyCount "138"]
[EventDate "2023.04.18"]
[EventType "swiss"]
[EventRounds "10"]
[EventCountry "ESP"]
[SourceTitle "CBM 213 Extra"]
[Source "ChessBase"]
[SourceDate "2023.05.31"]
[SourceVersion "1"]
[SourceVersionDate "2023.05.31"]
[SourceQuality "1"]

1. d4 Nf6 2. Nf3 e6 3. c4 b6 4. g3 Bb7 5. Bg2 Bb4+ 6. Bd2 Qe7 7. 0-0 0-0 8. Nc3 c5 9. a3 Bxc3 10. Bxc3 Ne4 11. Qd3 d6 12. Rfd1 Nd7 13. Ng5 Qxg5 14. Bxe4 Bxe4 15. Qxe4 Rfd8 16. h4 Qh5 17. Kg2 d5 18. cxd5 exd5 19. Qf3 Qxf3+ 20. Kxf3 c4 21. a4 a6 22. b3 cxb3 23. Rdb1 Rdc8 24. Rxb3 Rc4 25. Ke3 Rac8 26. Kd3 f5 27. Bd2 Kf7 28. Rc3 Rxc3+ 29. Bxc3 Rc4 30. Bd2 h6 31. f3 Ke6 32. Bf4 a5 33. Ra2 Ke7 34. Ra1 Nf6 35. Rb1 Nd7 36. Ra1 Kf6 37. Ra2 g5 38. hxg5+ hxg5 39. Bd2 Rc6 40. Rc2 Rxc2 41. Kxc2 Kg6 42. Bc1 Kf6 43. Kd3 g4 44. Bf4 Ke6 45. Bc7 Kf7 46. Ke3 gxf3 47. exf3 Ke6 48. Kf4 Nf6 49. Kg5 Nd7 50. Bd8 b5 51. axb5 a4 52. Ba5 a3 53. Bc3 a2 54. g4 fxg4 55. fxg4 Nf6 56. Bb2 Ne4+ 57. Kg6 Nd6 58. g5 Nxb5 59. Kh7 Nd6 60. g6 Ne8 61. g7 Nf6+ 62. Kg6 Ng8 63. Ba1 Ne7+ 64. Kh7 Kf7 65. Bb2 Ng8 66. Kh8 Nf6 67. Ba1 Ng8 68. Bb2 Nf6 69. Ba1 Ng8 1/2-1/2

[Event "Sunway Formentera op 2nd"]
[Site "Sant Ferran de ses Roques"]
[Date "2023.04.21"]
[Round "4"]
[White "Maisuradze, Nino"]
[Black "Seo, Jung Min"]
[Result "0-1"]
[WhiteElo "2270"]
[BlackElo "2500"]
[PlyCount "72"]
[EventDate "2023.04.18"]
[EventType "swiss"]
[EventRounds "10"]
[EventCountry "ESP"]
[SourceTitle "CBM 213 Extra"]
[Source "ChessBase"]
[SourceDate "2023.05.31"]
[SourceVersion "1"]
[SourceVersionDate "2023.05.31"]
[SourceQuality "1"]

1. d4 Nf6 2. Nf3 d5 3. e3 e6 4. Bd3 Nbd7 5. Nbd2 b6 6. b3 Bb7 7. Bb2 c5 8. 0-0 Bd6 9. Ne5 0-0 10. f4 cxd4 11. exd4 Ne4 12. Qe2 f5 13. c4 Nxd2 14. Qxd2 Nf6 15. Rac1 dxc4 16. bxc4 Ne4 17. Qe2 Qe7 18. Rfd1 Rac8 19. Rc2 Qh4 20. Qe1 Qe7 21. Qe3 Rfd8 22. Kh1 Rc7 23. Nf3 Rcc8 24. Nd2 Nf6 25. Be2 Re8 26. Bf3 Qc7 27. Bxb7 Qxb7 28. Rcc1 b5 29. Qb3 Bxf4 30. Qxb5 Qc7 31. Rc2 Bxh2 32. Nf1 Bf4 33. d5 Nxd5 34. Rxd5 exd5 35. Qxd5+ Qf7 36. Qd4 Be5 0-1

[Event "Sunway Formentera op 2nd"]
[Site "Sant Ferran de ses Roques"]
[Date "2023.04.18"]
[Round "1"]
[White "Li, Di"]
[Black "Maisuradze, Nino"]
[Result "1-0"]
[WhiteElo "2554"]
[BlackElo "2270"]
[PlyCount "113"]
[EventDate "2023.04.18"]
[EventType "swiss"]
[EventRounds "10"]
[EventCountry "ESP"]
[SourceTitle "CBM 213 Extra"]
[Source "ChessBase"]
[SourceDate "2023.05.31"]
[SourceVersion "1"]
[SourceVersionDate "2023.05.31"]
[SourceQuality "1"]

1. d4 d5 2. Nf3 Nf6 3. c4 e6 4. Nc3 Be7 5. g3 0-0 6. Bg2 c6 7. 0-0 Nbd7 8. b3 b6 9. Bb2 Ba6 10. Nd2 Rc8 11. e4 b5 12. e5 Ne8 13. c5 b4 14. Ne2 f6 15. a3 bxa3 16. Rxa3 Nc7 17. Rxa6 Nxa6 18. Nf4 Nc7 19. exf6 Bxf6 20. Nd3 Nb5 21. Qa1 Qe8 22. Re1 Qg6 23. Re3 Qf7 24. h4 Rce8 25. f4 h6 26. Nf3 g5 27. hxg5 hxg5 28. fxg5 Bd8 29. Qe1 Qf5 30. Nf4 Bc7 31. Bh3 Bxf4 32. Bxf5 Bxe3+ 33. Qxe3 exf5 34. Qd2 Re4 35. Qh2 Re6 36. Bc1 Kg7 37. Bf4 Rh8 38. Qa2 Rhe8 39. Qa6 Nb8 40. Qb7+ R6e7 41. Qa8 Kg8 42. g6 Rc8 43. Bxb8 Rec7 44. Kf2 Re8 45. Bxc7 Rxa8 46. Be5 a5 47. Ke3 Nc3 48. Nh4 Rf8 49. Kf4 Ne4 50. Bd6 Rf6 51. Ke5 Kg7 52. Bc7 Nxg3 53. Kf4 Ne2+ 54. Kg5 Re6 55. Nxf5+ Kg8 56. Be5 Kf8 57. Bf6 1-0

[Event "Krakow op-A 33rd"]
[Site "Krakow"]
[Date "2023.01.02"]
[Round "6"]
[White "Dubnevych, Maksym"]
[Black "Maisuradze, Nino"]
[Result "1-0"]
[WhiteElo "2139"]
[BlackElo "2230"]
[PlyCount "101"]
[EventDate "2022.12.27"]
[EventType "swiss"]
[EventRounds "9"]
[EventCountry "POL"]
[SourceTitle "CBM 212 Extra"]
[Source "ChessBase"]
[SourceDate "2023.03.31"]
[SourceVersion "1"]
[SourceVersionDate "2023.03.31"]
[SourceQuality "1"]

1. e4 c5 2. Nf3 Nc6 3. d4 cxd4 4. Nxd4 e5 5. Nb5 d6 6. N1c3 a6 7. Na3 b5 8. Nd5 Nge7 9. c4 Nd4 10. Be3 Nxd5 11. cxd5 g6 12. Bd3 Bg7 13. 0-0 0-0 14. Nc2 Bd7 15. Qd2 f5 16. Nxd4 exd4 17. Bg5 Qb6 18. Rae1 fxe4 19. Rxe4 Rf7 20. b4 a5 21. bxa5 Qxa5 22. Re2 Qxd2 23. Rxd2 Be8 24. Re1 Rfa7 25. Bf4 Bf7 26. Bxb5 Rxa2 27. Bc6 Ra1 28. Red1 R8a5 29. Bxd6 Rxd1+ 30. Rxd1 d3 31. Bb4 Ra2 32. h3 Ra1 33. Rxa1 Bxa1 34. Kf1 g5 35. Ke1 Bf6 36. Kd2 Bg6 37. d6 Bd8 38. Bb5 Kf7 39. Bc4+ Ke8 40. Bxd3 Bxd3 41. Kxd3 Bb6 42. f3 Kd7 43. Ke4 Ke6 44. g4 Bf2 45. f4 gxf4 46. Kxf4 Bb6 47. Kg5 Be3+ 48. Kh5 Bf4 49. g5 Bg3 50. Kh6 Kf5 51. d7 1-0

[Event "Krakow op-A 33rd"]
[Site "Krakow"]
[Date "2022.12.28"]
[Round "2"]
[White "Dzida, Kamil"]
[Black "Maisuradze, Nino"]
[Result "1-0"]
[WhiteElo "2360"]
[BlackElo "2230"]
[PlyCount "105"]
[EventDate "2022.12.27"]
[EventType "swiss"]
[EventRounds "9"]
[EventCountry "POL"]
[SourceTitle "CBM 212 Extra"]
[Source "ChessBase"]
[SourceDate "2023.03.31"]
[SourceVersion "1"]
[SourceVersionDate "2023.03.31"]
[SourceQuality "1"]

1. d4 d5 2. c4 e6 3. Nf3 Nf6 4. Nc3 Be7 5. Bg5 0-0 6. e3 h6 7. Bxf6 Bxf6 8. Rc1 b6 9. cxd5 exd5 10. Bd3 Re8 11. 0-0 c6 12. Ne2 a5 13. Bb1 Ba6 14. Re1 Bxe2 15. Rxe2 Ra7 16. g3 Rc7 17. Qb3 Rd7 18. Kg2 Rd6 19. h4 h5 20. Rce1 Nd7 21. e4 dxe4 22. Bxe4 Rde6 23. Qc4 Nf8 24. Ne5 b5 25. Qc3 Bxe5 26. dxe5 Qc7 27. f4 c5 28. Bd5 Rg6 29. f5 Rg4 30. Qf3 Rd8 31. e6 fxe6 32. fxe6 Rxd5 33. e7 Rf5 34. Qxg4 hxg4 35. e8Q Rf3 36. Qe5 Qf7 37. Qe4 Qd7 38. b3 a4 39. bxa4 bxa4 40. Qc4+ Kh8 41. Qxc5 Qf7 42. Qb4 Qd7 43. Rd2 Qc6 44. Kh2 Qf6 45. Qd4 Qf5 46. Kg2 a3 47. Qe4 Qa5 48. Rd5 Qc3 49. Rh5+ Kg8 50. Qd5+ Rf7 51. Rf1 Qb2+ 52. Kh1 Qb7 53. Rxf7 1-0

[Event "Krakow op-A 33rd"]
[Site "Krakow"]
[Date "2022.12.27"]
[Round "1"]
[White "Maisuradze, Nino"]
[Black "Soffer, Ram"]
[Result "1/2-1/2"]
[WhiteElo "2230"]
[BlackElo "2471"]
[PlyCount "87"]
[EventDate "2022.12.27"]
[EventType "swiss"]
[EventRounds "9"]
[EventCountry "POL"]
[SourceTitle "CBM 212 Extra"]
[Source "ChessBase"]
[SourceDate "2023.03.31"]
[SourceVersion "1"]
[SourceVersionDate "2023.03.31"]
[SourceQuality "1"]

1. d4 d5 2. c4 c6 3. Nc3 Nf6 4. cxd5 cxd5 5. Bf4 Nc6 6. e3 Bg4 7. Qb3 Na5 8. Qa4+ Bd7 9. Qc2 Rc8 10. Bd3 e6 11. Nf3 Bb4 12. Nd2 h6 13. 0-0 0-0 14. h3 Qe7 15. Rac1 b5 16. Qd1 Nc4 17. Nxc4 bxc4 18. Bb1 Bd6 19. Be5 Rb8 20. Qc2 g6 21. f4 Rb6 22. Qf2 Ne8 23. Qg3 Bxe5 24. fxe5 Qg5 25. Qxg5 hxg5 26. Rf2 f5 27. exf6 Rxf6 28. Rcf1 Kg7 29. e4 Rxf2 30. Rxf2 Nf6 31. e5 Ng8 32. Rd2 Ne7 33. Kf2 Rb8 34. g4 Rf8+ 35. Ke3 Rf1 36. Rd1 Rf8 37. Rd2 Nc6 38. Rd1 Nb4 39. Rd2 Nc6 40. Rd1 Rh8 41. Rh1 Ne7 42. Rh2 Nc6 43. Rh1 Ne7 44. Rh2 1/2-1/2

[Event "EU-ch Rapid"]
[Site "Katowice"]
[Date "2022.12.17"]
[Round "3"]
[White "Maisuradze, Nino"]
[Black "Ondozi, Murtez"]
[Result "0-1"]
[WhiteElo "2230"]
[BlackElo "2406"]
[PlyCount "233"]
[EventDate "2022.12.17"]
[EventType "swiss (rapid)"]
[EventRounds "11"]
[EventCountry "POL"]
[SourceTitle "CBM 211 Extra"]
[Source "ChessBase"]
[SourceDate "2023.01.31"]
[SourceVersion "1"]
[SourceVersionDate "2023.01.31"]
[SourceQuality "1"]

1. e4 c5 2. Nc3 e6 3. g3 Nc6 4. Bg2 Nf6 5. f4 d6 6. Nf3 Be7 7. 0-0 0-0 8. d3 Rb8 9. h3 b5 10. g4 Nd7 11. Be3 b4 12. Ne2 e5 13. f5 Nd4 14. Qd2 Ba6 15. g5 Re8 16. f6 Nxe2+ 17. Qxe2 gxf6 18. gxf6 Bxf6 19. Nh2 Bg7 20. Qh5 Qe7 21. Ng4 Qe6 22. Rf5 Qg6 23. Qh4 f6 24. Kh2 Kh8 25. Rg1 Re7 26. Bf3 Qf7 27. Rh5 Nf8 28. Nh6 Bxh6 29. Rxh6 Nd7 30. Bh5 Qxa2 31. Bg6 Qg8 32. Bf5 Qf7 33. Bg6 Qg8 34. Bf5 Qf7 35. Bxh7 Qxh7 36. Rgg6 Rf8 37. Qg4 Bc8 38. Qg3 Rfe8 39. Rxh7+ Rxh7 40. Bh6 c4 41. dxc4 Bb7 42. Bg7+ Kg8 43. Bxf6+ Kf7 44. Rg7+ Rxg7 45. Qxg7+ Ke6 46. Bh4 Bxe4 47. Qh6+ Kf7 48. Qxd6 Bf5 49. c5 Be6 50. c6 Nb6 51. Qxe5 Nd5 52. Qh5+ Kf8 53. Qh6+ Kf7 54. Qh7+ Kf8 55. Bg5 Rc8 56. Qg6 Rxc6 57. Bf6 Nxf6 58. Qxf6+ Ke8 59. Qh8+ Kd7 60. Qh7+ Kd6 61. Qd3+ Ke5 62. Qb5+ Bd5 63. Qe2+ Be4 64. Qb5+ Kf4 65. Qf1+ Ke3 66. Qe1+ Kf3 67. c3 bxc3 68. bxc3 Rb6 69. Qd1+ Ke3 70. Qe1+ Kf3 71. Qg3+ Ke2 72. Qe5 Kf3 73. Qh5+ Ke3 74. Kg3 Rg6+ 75. Kh4 Kf4 76. Qh8 a5 77. Qb8+ Kf3 78. Qf8+ Ke3 79. Qc5+ Kf4 80. Kh5 Rc6 81. Qf8+ Ke3 82. Qg7 a4 83. Qd4+ Kf4 84. Qd2+ Ke5 85. Qd4+ Kf4 86. Qd2+ Ke5 87. Qd4+ Kf4 88. Qd2+ Kf3 89. h4 a3 90. Kg5 Rg6+ 91. Kh5 Rg2 92. Qd1+ Re2 93. Qf1+ Rf2 94. Qd1+ Re2 95. Qf1+ Kg3 96. Kg5 Bf3 97. Qc1 a2 98. c4 Kg2 99. c5 Kf2 100. Qa1 Re5+ 101. Kf4 Re4+ 102. Kf5 Ra4 103. Ke5 Kg3 104. h5 Bxh5 105. Qe1+ Kh3 106. Qh1+ Kg3 107. Qe1+ Kh3 108. Qh1+ Kg3 109. Qg1+ Kh3 110. Qf1+ Kg3 111. Qe1+ Kh3 112. Qh1+ Kg3 113. Qe1+ Kg2 114. Qd2+ Kh3 115. Qe3+ Kg4 116. Qg1+ Kh4 117. Qe1+ 0-1

[Event "EU-ch Rapid"]
[Site "Katowice"]
[Date "2022.12.17"]
[Round "5"]
[White "Maisuradze, Nino"]
[Black "Ziska, Helgi Dam"]
[Result "0-1"]
[WhiteElo "2230"]
[BlackElo "2546"]
[PlyCount "46"]
[EventDate "2022.12.17"]
[EventType "swiss (rapid)"]
[EventRounds "11"]
[EventCountry "POL"]
[SourceTitle "CBM 211 Extra"]
[Source "ChessBase"]
[SourceDate "2023.01.31"]
[SourceVersion "1"]
[SourceVersionDate "2023.01.31"]
[SourceQuality "1"]

1. e4 c5 2. Nc3 d6 3. f4 g6 4. Nf3 Bg7 5. Bc4 Nc6 6. 0-0 Nd4 7. Nxd4 cxd4 8. Ne2 Bd7 9. f5 Nf6 10. fxg6 hxg6 11. Nf4 d3 12. Nxd3 Qb6+ 13. Kh1 d5 14. Bxd5 Nxd5 15. exd5 Qd6 16. Nf4 g5 17. Nh5 Be5 18. Qf3 0-0-0 19. d4 Bxh2 20. Bxg5 Rdg8 21. Bh4 Bg4 22. Qc3+ Kb8 23. g3 Rxh5 0-1

[Event "FRA-ch (Women)"]
[Site "Albi"]
[Date "2022.08.13"]
[Round "1.2"]
[White "Monpeurt, Cyrielle"]
[Black "Maisuradze, Nino"]
[Result "1/2-1/2"]
[WhiteElo "2159"]
[BlackElo "2222"]
[PlyCount "87"]
[EventDate "2022.08.12"]
[EventType "k.o."]
[EventRounds "4"]
[EventCountry "FRA"]
[SourceTitle "CBM 209 Extra"]
[Source "ChessBase"]
[SourceDate "2022.09.30"]
[SourceVersion "1"]
[SourceVersionDate "2022.09.30"]
[SourceQuality "1"]

1. e4 c5 2. Nc3 Nc6 3. Nge2 e5 4. Ng3 g6 5. Bc4 d6 6. d3 h5 7. h3 Be6 8. Nf1 Bg7 9. Ne3 Nge7 10. a4 Nb4 11. 0-0 0-0 12. b3 d5 13. exd5 Nexd5 14. Nexd5 Nxd5 15. Ne4 Nf4 16. Bxf4 exf4 17. Rb1 Bxc4 18. bxc4 Qc7 19. Rb5 b6 20. Qf3 Rae8 21. Rfb1 Re6 22. a5 Rfe8 23. Kh2 Bd4 24. c3 Bg7 25. Ng5 Rd6 26. Ne4 Rde6 27. R5b3 f5 28. Ng5 Rd6 29. axb6 axb6 30. Ra3 Qd8 31. h4 Bf6 32. Rba1 Rxd3 33. Qb7 Rd7 34. Qc6 Rd6 35. Qb5 Bxg5 36. hxg5 Rde6 37. Ra8 Qxa8 38. Rxa8 Rxa8 39. Qd7 Rae8 40. Qc7 f3 41. gxf3 R8e7 42. Qb8+ Re8 43. Qc7 R8e7 44. Qb8+ 1/2-1/2